Bulletin Geodesique (Record no. 118844)

MARC details
000 -LEADER
fixed length control field 00664cas a22002175a 4500
001 - CONTROL NUMBER
control field L131018
008 - FIXED-LENGTH DATA ELEMENTS--GENERAL INFORMATION
fixed length control field 050920d19221995fr qr p 0 a0eng u
022 1# - INTERNATIONAL STANDARD SERIAL NUMBER
International Standard Serial Number 0340-8825
035 ## - SYSTEM CONTROL NUMBER
System control number (Sirsi) u131018
041 1# - LANGUAGE CODE
Language code of text/sound track or separate title eng
-- fre
110 2# - MAIN ENTRY--CORPORATE NAME
Corporate name or jurisdiction name as entry element International Association of Geodesy
9 (RLIN) 445
245 00 - TITLE STATEMENT
Title Bulletin Geodesique
260 ## - PUBLICATION, DISTRIBUTION, ETC.
Place of publication, distribution, etc. Paris
Name of publisher, distributor, etc. Association Internationale de Geodesie
Date of publication, distribution, etc. 1922-1995
362 ## - DATES OF PUBLICATION AND/OR SEQUENTIAL DESIGNATION
Dates of publication and/or sequential designation (63) 1962-64(1) 1990
554 ## -
-- Four per year
651 #4 - SUBJECT ADDED ENTRY--GEOGRAPHIC NAME
Geographic name International
690 ## - LOCAL SUBJECT ADDED ENTRY--TOPICAL TERM (OCLC, RLIN)
Topical term or geographic name as entry element ENVIRONMENTAL AND LAND CONSULTANCY-GEOMATICS
710 2# - ADDED ENTRY--CORPORATE NAME
Corporate name or jurisdiction name as entry element International Union of Geodesy and Geophysics
785 00 - SUCCEEDING ENTRY
Title Journal of Geodesy
International Standard Serial Number 0007-4632
942 ## - ADDED ENTRY ELEMENTS (KOHA)
Suppress in OPAC 0
Holdings
Withdrawn status Lost status Source of classification or shelving scheme Damaged status Not for loan Home library Current library Shelving location Date acquired Total Checkouts Full call number Barcode Date last seen Price effective from Koha item type
    Dewey Decimal Classification     London London Basement 20/09/2005   JOURNAL OF GEODESY 131018-1001 06/08/2019 06/08/2019 Journal